[Event "Ogolnopolska Olimpiada Mlodziezy w Sportach Umyslowych - D14"]
[Site "Walbrzych, Zamek Ksiaz"]
[Date "2013-04-17"]
[Round "5.9"]
[White "Posuniak, Weronika"]
[Black "Momot, Weronika"]
[Result "1-0"]
[WhiteTitle "I"]
[BlackTitle "I"]
[WhiteElo "1540"]
[BlackElo "1460"]

1. d4 d5 2. c4 e6 3. Nc3 Nf6 4. cxd5 exd5 5. Bg5 Be7 6. Nf3 Be6 7. e3 Nbd7 8. Qc2
c6 9. Bd3 h6 10. Bh4 O-O 11. O-O Qc7 12. Na4 Rfc8 13. Rfc1 Bg4 14. Nd2 Bd6 15.
Bg3 Re8 16. Rab1 Bh5 17. b4 Bxg3 18. hxg3 Qd8 19. Nc5 Nxc5 20. bxc5 Rb8 21. Qa4
a6 22. Nb3 Ng4 23. Be2 Nf6 24. Bxh5 Nxh5 25. Na5 Qg5 26. Qd1 Nf6 27. Qf3 Ne4 28.
Rb2 Qe7 29. Qe2 Qc7 30. Qe1 Rec8 31. Rcb1 Qe7 32. Rxb7 Rxb7 33. Rxb7 Qe8 34. Rb6
Nf6 35. Rxa6 Nh7 36. Qb4 Rb8 37. Rb6 Rc8 38. Qa4 Qe4 39. Nxc6 Nf6 40. Qb3 Nd7
41. Ra6 Qe8 42. Nb4 f6 43. Qxd5+ Kh8 44. Qf3 Rb8 45. a3 Qc8 46. Qc6 Qd8 47. Ra7
Nf8 48. Qc7 Qxc7 49. Rxc7 Ne6 50. Re7 Ng5 51. c6 Rc8 52. d5 Kg8 53. Rb7 Nf7 54.
Na6 Kf8 55. Rb8 Rxb8 56. Nxb8 Ke8 57. e4 Kd8 58. Na6 Nd6 59. f3 Nc8 60. Kf2 Ke7
61. Ke3 Kd6 62. Kd4 Nb6 63. f4 Nc8 64. e5+ fxe5+ 65. fxe5+ Ke7 66. d6+ Kd8 67.
Kc5 1-0

[Event "Ogolnopolska Olimpiada Mlodziezy w Sportach Umyslowych - D14"]
[Site "Walbrzych, Zamek Ksiaz"]
[Date "2013-04-17"]
[Round "5.10"]
[White "Wierzbowska, Aleksandra"]
[Black "Karleszko, Karolina"]
[Result "0-1"]
[WhiteTitle "II+"]
[BlackTitle "I"]
[WhiteElo "1405"]
[BlackElo "1622"]

1. d4 d5 2. c4 e6 3. Nc3 Nf6 4. cxd5 exd5 5. Bg5 c6 6. Qc2 Nbd7 7. e3 Bb4 8. Bd3
O-O 9. Bxh7+ Kh8 10. Bf5 Qa5 11. Nge2 b6 12. h4 Ba6 13. Bd3 c5 14. f3 Bxd3 15.
Qxd3 Rfe8 16. h5 cxd4 17. exd4 Rac8 18. Kf2 Rc4 19. a3 Bxc3 20. Nxc3 b5 21. h6
g6 22. Rhe1 Rxe1 23. Rxe1 Qb6 24. Be3 a6 25. b3 Rc8 26. g4 Qa5 27. Nb1 Qc7 28.
Kg2 Qd6 29. Rc1 Re8 30. Qd2 Qe6 31. Rc3 Nxg4 32. fxg4 Qe4+ 33. Kg3 Qxb1 34. Qf2
f6 35. Rc7 Qxb3 36. Kf3 Qd1+ 37. Qe2 Qh1+ 38. Kg3 Qe4 39. Kf2 Nb6 40. Rc3 Nc4
41. Qe1 Nxe3 42. Qxe3 Qxe3+ 43. Rxe3 Rxe3 44. Kxe3 Kh7 45. Kf4 Kxh6 46. Kf3 Kg5
47. Kg3 a5 48. Kf3 b4 49. axb4 axb4 50. Ke2 Kxg4 51. Kd3 Kf4 52. Kc2 g5 53. Kd3
g4 54. Ke2 b3 55. Kf2 b2 56. Kg2 g3 57. Kf1 g2+ 58. Ke2 g1=Q 59. Kd2 Qc1+ 60.
Ke2 Qc2+ 61. Ke1 b1=R# 0-1

[Event "Ogolnopolska Olimpiada Mlodziezy w Sportach Umyslowych - D14"]
[Site "Walbrzych, Zamek Ksiaz"]
[Date "2013-04-17"]
[Round "5.11"]
[White "Cieslak, Wiktoria"]
[Black "Tkaczyk, Weronika"]
[Result "1-0"]
[WhiteTitle "I"]
[BlackTitle "II"]
[WhiteElo "1532"]
[BlackElo "1390"]

1. e4 d5 2. exd5 Qxd5 3. Nc3 Qa5 4. d4 Nf6 5. Bc4 c6 6. Nf3 Bg4 7. h3 Bh5 8. g4
Bg6 9. Bd2 Qc7 10. Ne5 Nbd7 11. f4 Nxe5 12. dxe5 Be4 13. Rg1 Nd5 14. Nxe4 Qb6
15. Rf1 Qd4 16. Bxd5 cxd5 17. Nc3 e6 18. Qe2 O-O-O 19. O-O-O Qc5 20. Rf3 d4 21.
Ne4 Qd5 22. Kb1 a5 23. Bc3 a4 24. Rxd4 Qc6 25. Rxd8+ Kxd8 26. Ba5+ Kc8 27. Rc3
Qxc3 28. bxc3 Kb8 29. Qc4 Ka7 30. Qxa4 Kb8 31. Qe8+ Ka7 32. Bc7 b6 33. Qb8+ Ka6
34. Qxb6# 1-0

[Event "Ogolnopolska Olimpiada Mlodziezy w Sportach Umyslowych - D14"]
[Site "Walbrzych, Zamek Ksiaz"]
[Date "2013-04-17"]
[Round "5.12"]
[White "Sobczak, Marta"]
[Black "Humin, Julia"]
[Result "0-1"]
[WhiteTitle "I"]
[BlackTitle "II+"]
[WhiteElo "1516"]
[BlackElo "1386"]

1. d4 Nf6 2. c4 g6 3. Nc3 d5 4. Bf4 Bg7 5. e3 O-O 6. cxd5 Nxd5 7. Nxd5 Qxd5 8.
Bxc7 Nc6 9. Nf3 Bf5 10. a3 Rac8 11. Bg3 Na5 12. Bd3 Bxd3 13. Qxd3 Qb3 14. Qxb3
Nxb3 15. Rb1 Rc2 16. O-O Rfc8 17. Rfe1 a5 18. h3 a4 19. Kf1 Na5 20. Bh2 b5 21.
g4 R8c4 22. Red1 Nb3 23. Ke1 b4 24. Nd2 Nxd2 25. Rxd2 bxa3 26. bxa3 Rc1+ 27. Rd1
R1c3 28. Ra1 Rb3 29. Rd2 e6 30. Bd6 Bf8 31. Bxf8 Kxf8 32. Rda2 Ke7 33. Kd2 Rcc3
34. Rc2 Rd3+ 35. Ke2 Rxa3 36. Rxa3 Rxa3 37. f3 Ra1 38. e4 a3 39. Kf2 a2 40. Kg2
Rg1+ 41. Kxg1 a1=Q+ 42. Kg2 Qxd4 43. Re2 Kf6 44. h4 Ke5 45. Kg3 Qg1+ 46. Rg2 Qe1+
47. Rf2 Kd4 48. Kg2 Ke3 49. Ra2 Kf4 50. h5 Qg3+ 51. Kf1 Qxf3+ 52. Rf2 Qxf2+ 53.
Kxf2 gxh5 54. gxh5 Kxe4 55. h6 f5 56. Ke2 Kf4 57. Kf2 e5 58. Ke2 e4 59. Kf2 e3+
60. Ke2 Ke4 61. Kf1 Kf3 62. Kg1 e2 63. Kh1 e1=Q+ 64. Kh2 Qg3+ 65. Kh1 Qg2# 0-1

[Event "Ogolnopolska Olimpiada Mlodziezy w Sportach Umyslowych - D14"]
[Site "Walbrzych, Zamek Ksiaz"]
[Date "2013-04-17"]
[Round "5.13"]
[White "Kalinowska, Karolina"]
[Black "Pedrak, Paulina"]
[Result "0-1"]
[WhiteTitle "I"]
[BlackTitle "I"]
[WhiteElo "1504"]
[BlackElo "1371"]

1. e4 e6 2. d4 d5 3. Nd2 Nf6 4. e5 Nfd7 5. Bd3 c5 6. c3 Nc6 7. Ne2 Qb6 8. Nf3 f6
9. exf6 Nxf6 10. O-O Bd6 11. Re1 O-O 12. b3 Qc7 13. h3 e5 14. dxe5 Nxe5 15. Nxe5
Bxe5 16. Be3 b6 17. Rc1 Qf7 18. Bf4 Bxf4 19. Nxf4 g5 20. Nxd5 Nxd5 21. Bc4 Bb7
22. Re5 Rad8 23. Qe2 Kh8 24. Rd1 Nxc3 0-1

[Event "Ogolnopolska Olimpiada Mlodziezy w Sportach Umyslowych - D14"]
[Site "Walbrzych, Zamek Ksiaz"]
[Date "2013-04-17"]
[Round "5.14"]
[White "Mazgaj, Zuzanna"]
[Black "Karykowska, Anna"]
[Result "1-0"]
[WhiteTitle "II"]
[BlackTitle "I"]
[WhiteElo "1371"]
[BlackElo "1493"]

1. c4 c6 2. d4 d5 3. Nc3 Nf6 4. Bg5 dxc4 5. a4 Qa5 6. Bxf6 exf6 7. e4 Bb4 8. Qc2
Be6 9. f4 b5 10. Nf3 O-O 11. Be2 Bd6 12. f5 Bc8 13. O-O b4 14. Nd1 Qb6 15. Bxc4
Bb7 16. Kh1 a5 17. e5 Be7 18. Qb3 c5 19. e6 fxe6 20. Bxe6+ Kh8 21. dxc5 Bxc5 22.
Nh4 g6 23. fxg6 h6 24. g7+ Kxg7 25. Qg3+ Kh8 26. Ng6+ Kg7 27. Nxf8+ Kxf8 28. Rxf6+
Ke7 29. Qg7+ Kd8 30. Bd5 Qc7 31. Qg8+ Kd7 32. Rf7+ Be7 33. Qg4+ Kd8 34. Bxb7 Qxb7
35. Ne3 Ra7 36. Nf5 Qc6 37. Rd1+ Rd7 38. Nxe7 Qc5 39. Qg8+ Kc7 40. Qc8+ Kb6 41.
Qxb8+ Ka6 42. Rf6+ Rd6 43. Rfxd6+ Qxd6 44. Rxd6# 1-0

[Event "Ogolnopolska Olimpiada Mlodziezy w Sportach Umyslowych - D14"]
[Site "Walbrzych, Zamek Ksiaz"]
[Date "2013-04-17"]
[Round "5.15"]
[White "Jurkiewicz, Zuzanna"]
[Black "Ziziuk, Martyna"]
[Result "1/2-1/2"]
[WhiteTitle "II+"]
[BlackTitle "II"]
[WhiteElo "1383"]
[BlackElo "1361"]

1. d4 Nf6 2. c4 g6 3. Nc3 Bg7 4. Nf3 O-O 5. e4 d6 6. Be3 h6 7. Bd3 Nc6 8. a3 e6
9. O-O Kh7 10. h3 b6 11. b4 a5 12. b5 Ne7 13. Rc1 Nd7 14. d5 e5 15. Nh2 Ng8 16.
f4 exf4 17. Bxf4 Ne5 18. a4 Qe7 19. Nf3 Bd7 20. Kh1 Rae8 21. Bxe5 Bxe5 22. Qd2
Nf6 23. Nxe5 Qxe5 24. Rf3 Kg7 25. Rcf1 Nh7 26. Bc2 Qg5 27. Qf2 Re7 28. Rg3 Qf6
29. Qxf6+ Nxf6 30. Re3 Rfe8 31. Ref3 Nh7 32. Kh2 Ng5 33. Rf4 Rf8 34. h4 Nh7 35.
g3 Rfe8 36. Kg2 Rf8 37. Kh2 Rfe8 38. Kg2 Rf8 39. R1f2 Rfe8 40. Bd3 Rf8 41. Kh2
Rfe8 1/2-1/2

[Event "Ogolnopolska Olimpiada Mlodziezy w Sportach Umyslowych - D14"]
[Site "Walbrzych, Zamek Ksiaz"]
[Date "2013-04-17"]
[Round "5.16"]
[White "Zalewska, Katarzyna"]
[Black "Skorupa, Oliwia"]
[Result "0-1"]
[WhiteTitle "II"]
[BlackTitle "II+"]
[WhiteElo "1373"]
[BlackElo "1510"]

1. d4 Nf6 2. Bf4 g6 3. e3 Bg7 4. c4 d6 5. Nc3 O-O 6. Be2 Nbd7 7. h3 Re8 8. Nf3
b6 9. O-O Bb7 10. d5 e6 11. dxe6 Rxe6 12. Nd4 Re8 13. Re1 Nc5 14. Bg5 Ne6 15.
Nxe6 Rxe6 16. Bg4 Re5 17. Bxf6 Qxf6 18. Nd5 Bxd5 19. cxd5 Qe7 20. Qd2 Re8 21.
Re2 Qd8 22. Rc1 Qb8 23. Qd3 Qb7 24. Bf3 R5e7 25. Qb5 a6 26. Qc6 Qxc6 27. Rxc6
a5 28. Rec2 Rc8 29. Be2 h5 30. Ba6 Ra8 31. Bb7 Ra7 32. Rxc7 Rxb7 33. Rxe7 Rxe7
34. Rc8+ Kh7 35. Rb8 Bxb2 36. Rxb6 Ba3 37. Kf1 Kg7 38. Ke2 Re5 39. Rb5 Bb4 40.
Kd3 Re7 0-1

[Event "Ogolnopolska Olimpiada Mlodziezy w Sportach Umyslowych - D14"]
[Site "Walbrzych, Zamek Ksiaz"]
[Date "2013-04-17"]
[Round "5.17"]
[White "Klisz, Karolina"]
[Black "Koperska, Nina"]
[Result "1-0"]
[WhiteTitle "II"]
[BlackTitle "II"]
[WhiteElo "1342"]
[BlackElo "1388"]

1. e4 c5 2. c3 d5 3. e5 Nc6 4. d4 cxd4 5. cxd4 Qb6 6. Nf3 Bg4 7. Be2 e6 8. Nbd2
Bb4 9. O-O Bxd2 10. Bxd2 Bxf3 11. Bxf3 Qxd4 12. Bc3 Qxd1 13. Raxd1 Nge7 14. Rfe1
O-O 15. Rd3 Rfc8 16. Bd1 Ng6 17. Bc2 Rd8 18. Ba4 d4 19. Bxc6 dxc3 20. Rxd8+ Rxd8
21. Bxb7 cxb2 22. g3 Rd7 23. Be4 Rc7 24. f4 Rc1 25. Kf1 Ra1 26. Bb1 Ne7 27. Ke2
a5 28. Kd2 Nd5 29. Kc2 Nb4+ 30. Kb3 Nd3 31. Rd1 g6 32. Kc2 Nf2 33. Rd8+ Kg7 34.
Kxb2 Rxb1+ 35. Kxb1 Ng4 36. Rd2 Ne3 37. Re2 Ng4 38. Kb2 f6 39. Kb3 fxe5 40. fxe5
g5 41. Ka4 Kg6 42. h3 Nh6 43. g4 Nf7 44. Kxa5 h5 45. a4 hxg4 46. hxg4 Nh6 47.
Re4 1-0

[Event "Ogolnopolska Olimpiada Mlodziezy w Sportach Umyslowych - D14"]
[Site "Walbrzych, Zamek Ksiaz"]
[Date "2013-04-17"]
[Round "5.18"]
[White "Kwiatkowska, Agnieszka"]
[Black "Sekowska, Helena"]
[Result "1-0"]
[WhiteTitle "II+"]
[BlackTitle "II+"]
[WhiteElo "1492"]
[BlackElo "1459"]

1. e4 c5 2. d4 cxd4 3. c3 d5 4. exd5 Qxd5 5. Nf3 Nc6 6. Be2 Nf6 7. O-O e6 8. Nxd4
Nxd4 9. cxd4 Qd8 10. Nc3 Be7 11. Bf3 O-O 12. Bf4 Bd6 13. Bxd6 Qxd6 14. d5 exd5
15. Bxd5 Nxd5 16. Nxd5 Rd8 17. Ne3 Be6 18. a3 Qb6 19. Qe2 Rac8 20. Rac1 Rxc1 21.
Rxc1 Qa5 22. Rd1 Rxd1+ 23. Qxd1 h6 24. h3 Qb6 25. Qc2 Qd6 26. Qd1 Qxd1+ 27. Nxd1
Kf8 28. Kf1 Ke7 29. Ke2 Kd6 30. Kd3 Kc5 31. b4+ Kc6 32. Kd4 Bd5 33. g3 Be6 34.
h4 Kd6 35. Nc3 Kc6 36. Ne4 b6 37. Nc3 Bb3 38. Ne4 Be6 39. Nc3 Bb3 40. Ne4 Be6
41. f3 Bd5 42. b5+ 1-0

[Event "Ogolnopolska Olimpiada Mlodziezy w Sportach Umyslowych - D14"]
[Site "Walbrzych, Zamek Ksiaz"]
[Date "2013-04-17"]
[Round "5.19"]
[White "Godek, Martyna"]
[Black "Socko, Weronika"]
[Result "1-0"]
[WhiteTitle "II"]
[BlackTitle "II"]
[WhiteElo "1378"]
[BlackElo "1584"]

1. e4 c5 2. Nc3 Nc6 3. g3 d6 4. Bg2 Nf6 5. h3 g6 6. f4 Bg7 7. Nf3 Nh5 8. Ne2 f5
9. d3 Qc7 10. c3 e6 11. g4 Nf6 12. g5 Nd7 13. Ng3 Nb6 14. Qe2 Bd7 15. exf5 gxf5
16. Nxf5 Kf7 17. Nxg7 Kxg7 18. b3 Rhe8 19. O-O e5 20. fxe5 Nxe5 21. Nxe5 Rxe5
22. Qh5 Rf5 23. Qh6+ Kg8 24. Bb2 d5 25. g6 Bc8 26. Rae1 Rxf1+ 27. Rxf1 Bxh3 28.
Rf7 1-0

[Event "Ogolnopolska Olimpiada Mlodziezy w Sportach Umyslowych - D14"]
[Site "Walbrzych, Zamek Ksiaz"]
[Date "2013-04-17"]
[Round "5.20"]
[White "Maciak, Gabriela"]
[Black "Kruszewska, Justyna"]
[Result "1/2-1/2"]
[WhiteTitle "II"]
[BlackTitle "II"]
[WhiteElo "1433"]
[BlackElo "1350"]

1. e4 e5 2. Nf3 Nc6 3. Bc4 h6 4. d4 exd4 5. Nxd4 Nf6 6. Nc3 Bb4 7. Nxc6 bxc6 8.
e5 Qe7 9. O-O Ng8 10. Bd2 Bb7 11. Qg4 g6 12. Rfe1 O-O-O 13. a3 Bc5 14. Rad1 h5
15. Qf3 f6 16. exf6 Qxf6 17. Qxf6 Nxf6 18. Bf7 Ng4 19. Be3 Bxe3 20. fxe3 Ne5 21.
Ba2 d5 22. Na4 Nd7 23. b4 Rde8 24. c4 Re5 25. Nc3 Nf6 26. h3 Rhe8 27. Rd3 g5 28.
Kf2 g4 29. cxd5 cxd5 30. Nb5 Ba6 31. Nxa7+ Kb7 32. b5 Kxa7 33. bxa6 Kxa6 34. Rc1
Kb7 35. Rb3+ Kc8 36. Bb1 gxh3 37. gxh3 R8e7 38. a4 Ne4+ 39. Bxe4 Rxe4 40. a5 Ra4
41. Rc5 Rf7+ 42. Kg3 h4+ 43. Kg2 Ra2+ 44. Kg1 Rf3 45. Rbc3 1/2-1/2

[Event "Ogolnopolska Olimpiada Mlodziezy w Sportach Umyslowych - D14"]
[Site "Walbrzych, Zamek Ksiaz"]
[Date "2013-04-17"]
[Round "5.21"]
[White "Wojcik, Jagoda"]
[Black "Malinowska, Monika"]
[Result "1-0"]
[WhiteTitle "II"]
[BlackTitle "II+"]
[WhiteElo "1388"]
[BlackElo "1399"]

1. e4 e5 2. Nf3 Nc6 3. d4 exd4 4. Nxd4 Bc5 5. Be3 Qf6 6. c3 Nge7 7. g3 d5 8. Bg2
Bxd4 9. cxd4 dxe4 10. Nc3 O-O 11. Nxe4 Qg6 12. O-O Nf5 13. Bf4 Nfxd4 14. Bxc7
Bf5 15. Nd6 Bd3 16. Re1 Nc2 17. Nxb7 Nxa1 18. Qxa1 Rac8 19. Bd6 Nd4 20. Bxf8 Rxf8
21. Qd1 Nc2 22. Re7 Ba6 23. Be4 Qf6 24. Rc7 Bxb7 25. Rxb7 Nd4 26. Qd3 h6 27. Rxa7
Rd8 28. Qa3 Qe6 29. Ra8 Qd7 30. Rxd8+ Qxd8 31. Qa8 Qxa8 32. Bxa8 Kf8 33. Bd5 Ke7
34. Kf1 f6 35. Ke1 Kd6 36. Bf7 Kc5 37. Kd1 Kb4 38. Bd5 Kc5 39. Be4 Kb4 40. Kd2
Kc4 41. Bd3+ Kb4 42. Ke3 Nc6 43. Be4 Ne5 44. Kd4 Nc4 1-0

[Event "Ogolnopolska Olimpiada Mlodziezy w Sportach Umyslowych - D14"]
[Site "Walbrzych, Zamek Ksiaz"]
[Date "2013-04-17"]
[Round "5.22"]
[White "Popiel, Natalia"]
[Black "Robaszkiewicz, Sara"]
[Result "1-0"]
[WhiteTitle "II"]
[BlackTitle "II"]
[WhiteElo "1316"]
[BlackElo "1334"]

1. e4 c5 2. d4 cxd4 3. Qxd4 Nc6 4. Qd1 Nf6 5. Nc3 g6 6. Nf3 d6 7. Be3 Ng4 8. Bd4
e5 9. Be3 Nxe3 10. fxe3 Be6 11. Nd5 a6 12. Be2 Bxd5 13. exd5 Qa5+ 14. c3 Ne7 15.
e4 f5 16. Bd3 f4 17. Ng5 Qd8 18. Ne6 Qc8 19. Rf1 Bh6 20. g3 Ng8 21. gxf4 Bxf4
22. Nxf4 exf4 23. Rxf4 Ne7 24. Qf3 Kd7 25. Rf7 Rf8 26. Qg4+ Ke8 27. Qxc8+ Rxc8
28. Rxh7 Kd7 29. O-O-O Rh8 30. Rxh8 Rxh8 31. Rd2 Rh3 32. Bf1 Re3 33. Bg2 Re1+
34. Kc2 Re3 35. Kd1 Nc8 36. Rd4 b5 37. Kd2 Rxc3 38. Kxc3 1-0

[Event "Ogolnopolska Olimpiada Mlodziezy w Sportach Umyslowych - D14"]
[Site "Walbrzych, Zamek Ksiaz"]
[Date "2013-04-17"]
[Round "6.1"]
[White "Marczuk, Anna"]
[Black "Antolak, Julia"]
[Result "1-0"]
[WhiteTitle "I+"]
[BlackTitle "I+"]
[WhiteElo "1749"]
[BlackElo "1747"]

1. Nf3 d5 2. c4 c6 3. e3 Nf6 4. Qc2 e6 5. b3 Bd6 6. Bb2 Nbd7 7. Nc3 a6 8. Be2 Qc7
9. h3 b5 10. d4 Bb7 11. O-O O-O 12. Rac1 Rac8 13. Rfd1 Qb8 14. c5 Bc7 15. a3 e5
16. dxe5 Nxe5 17. e4 dxe4 18. Nxe4 Nxe4 19. Qxe4 Rce8 20. Nxe5 Bxe5 21. Bxe5 Rxe5
22. Qc2 Bc8 23. Bf3 Bf5 24. Qc3 Be4 25. Rd6 Qe8 26. Bxe4 Rxe4 27. Rcd1 h6 28.
Qa5 Re5 29. Qc3 Re4 30. Kh2 Re2 31. Qg3 Kh8 32. R1d4 Re4 33. Rd3 a5 34. Qf3 Qe5+
35. g3 Qe8 36. Rd8 1-0

[Event "Ogolnopolska Olimpiada Mlodziezy w Sportach Umyslowych - D14"]
[Site "Walbrzych, Zamek Ksiaz"]
[Date "2013-04-17"]
[Round "6.2"]
[White "Kubicka, Anna"]
[Black "Dwilewicz, Katarzyna"]
[Result "1-0"]
[WhiteTitle "I+"]
[BlackTitle "I"]
[WhiteElo "1686"]
[BlackElo "1635"]

1. f4 d5 2. Nf3 Nf6 3. e3 Nc6 4. Bb5 Bd7 5. O-O g6 6. d3 Bg7 7. Nc3 a6 8. Bxc6
Bxc6 9. Ne5 O-O 10. Nxc6 bxc6 11. Qf3 Nd7 12. Ne2 e5 13. f5 Nf6 14. e4 dxe4 15.
dxe4 gxf5 16. Qxf5 Qd7 17. Ng3 Qxf5 18. Rxf5 Nd7 19. Nh5 f6 20. Be3 Rab8 21. b3
Rb4 22. c4 Rbb8 23. Rf3 Rf7 24. Rd1 Kh8 25. Nxg7 Kxg7 26. Rg3+ Kf8 27. Bc1 Ke7
28. Ba3+ Ke6 29. Rgd3 Rd8 30. Rd6+ cxd6 31. Rxd6+ Ke7 32. Rxc6+ Nc5 33. Bxc5+
Ke8 34. Re6+ Kd7 35. Rxa6 Ke8 36. Bd6 f5 37. exf5 Rxf5 38. c5 e4 39. Ra4 Kd7 40.
Rxe4 Kc6 41. h3 Rg8 42. Re2 Kb5 43. a4+ Kb4 44. Re3 Rfg5 45. g3 Rd5 46. Be7 Rd1+
47. Kg2 Ka5 48. h4 Rb8 49. Bd6 Rd2+ 50. Kh3 Rg8 51. Re7 Kb4 52. Rb7+ Ka3 53. a5
Rd3 54. b4 Ka4 55. a6 Ra8 56. b5 Rb3 57. b6 Rxa6 58. Ra7 Ka5 59. Bc7 Rxa7 60.
bxa7+ 1-0

[Event "Ogolnopolska Olimpiada Mlodziezy w Sportach Umyslowych - D14"]
[Site "Walbrzych, Zamek Ksiaz"]
[Date "2013-04-17"]
[Round "6.3"]
[White "Murawko, Julia"]
[Black "Glapa, Anna"]
[Result "0-1"]
[WhiteTitle "I"]
[BlackTitle "I++"]
[WhiteElo "1651"]
[BlackElo "1660"]

1. e4 c5 2. Nf3 Nc6 3. Bb5 d6 4. O-O Bd7 5. Re1 e5 6. c3 Nge7 7. a4 g6 8. d4 cxd4
9. cxd4 Bg7 10. d5 Nb8 11. Nc3 O-O 12. Be3 h6 13. Rc1 f5 14. Bxd7 Qxd7 15. exf5
Nxf5 16. Nb5 Nxe3 17. Rxe3 Na6 18. Nd2 Nc5 19. b4 Na6 20. Rb3 Rf4 21. Nc4 Nc7
22. g3 Nxb5 23. gxf4 Nd4 24. Rg3 exf4 25. Rd3 Re8 26. Rd2 Re1+ 27. Qxe1 Nf3+ 28.
Kf1 Qh3+ 29. Ke2 Nxe1 30. Kxe1 Bc3 31. Nxd6 Bxd2+ 32. Kxd2 Qd7 33. Nc4 Qxd5+ 34.
Ke2 Qe4+ 35. Kd2 f3 36. Rc2 Qd4+ 37. Ke1 Qa1+ 38. Kd2 Qxa4 39. Kc3 Qc6 40. Kb3
Qe6 41. Kc3 b5 42. Ne3 Qe5+ 0-1

[Event "Ogolnopolska Olimpiada Mlodziezy w Sportach Umyslowych - D14"]
[Site "Walbrzych, Zamek Ksiaz"]
[Date "2013-04-17"]
[Round "6.4"]
[White "Najuch, Natalia"]
[Black "Dmochowska, Agnieszka"]
[Result "0-1"]
[WhiteTitle "II"]
[BlackTitle "WCM"]
[WhiteElo "1312"]
[BlackElo "1794"]

1. c4 e6 2. Nc3 Nf6 3. e4 d5 4. cxd5 exd5 5. e5 Nfd7 6. d4 c5 7. Nf3 Nc6 8. Bf4
cxd4 9. Nxd4 Qb6 10. Ndb5 Bc5 11. Qxd5 O-O 12. Bc4 Bxf2+ 13. Kd1 Ndxe5 14. Bxe5
Be6 15. Bc7 Qe3 16. Qd3 Rfd8 17. Nd6 Qxd3+ 18. Bxd3 Rd7 19. Ke2 Bd4 20. Rad1 Bxc3
21. h3 Be5 22. Nxb7 Bxc7 23. Nc5 Re7 24. Be4 Bf5 25. Kf3 Bxe4+ 26. Nxe4 Rae8 27.
Rhe1 f5 0-1

[Event "Ogolnopolska Olimpiada Mlodziezy w Sportach Umyslowych - D14"]
[Site "Walbrzych, Zamek Ksiaz"]
[Date "2013-04-17"]
[Round "6.5"]
[White "Konopacka, Martyna"]
[Black "Parol, Pola"]
[Result "1-0"]
[WhiteTitle "I"]
[BlackTitle "I"]
[WhiteElo "1674"]
[BlackElo "1638"]

1. e4 e5 2. Nf3 Nf6 3. Nxe5 d6 4. Nf3 Nxe4 5. Nc3 Nxc3 6. dxc3 Be7 7. Bd3 Bg4 8.
Qe2 Nc6 9. h3 Bh5 10. Be3 Qd7 11. g4 Bg6 12. Bb5 a6 13. Ba4 b5 14. Bb3 O-O 15.
Bd5 Rab8 16. h4 h6 17. g5 h5 18. O-O-O Nd8 19. Ne5 Qf5 20. Nxg6 Qxg6 21. Ba7 Re8
22. f4 Rc8 23. Be4 Qe6 24. g6 Qg4 25. Qxg4 hxg4 26. gxf7+ Nxf7 27. Bb7 Rcd8 28.
Bxa6 Ra8 29. Bxb5 Rf8 30. Bd4 Rxa2 31. Bc4 Ra5 32. Rdg1 Ra1+ 33. Kd2 Rxg1 34.
Rxg1 c5 35. Bf2 Kh8 36. Bxf7 Rxf7 37. Ke3 Bf6 38. Rxg4 Rb7 39. b3 Bxc3 40. Ke4
Re7+ 41. Kf3 Ra7 42. Ke2 Re7+ 43. Kd3 Bf6 44. h5 Kh7 45. Rg3 Kh6 46. Rh3 Rf7 47.
Be3 Be7 48. Ke4 Rf8 49. Kd5 Rf6 50. f5+ Kh7 51. Rf3 Bd8 52. Bg5 Rf8 53. Bxd8 Rxd8
54. f6 Kg8 55. f7+ Kf8 56. Ke6 d5 57. Rf5 Ra8 58. Rxd5 Ra6+ 59. Rd6 Rxd6+ 60.
Kxd6 Kxf7 61. Kxc5 Kf6 62. b4 Kg5 63. b5 Kxh5 64. b6 g5 65. b7 g4 66. b8=Q g3
67. Qxg3 1-0

[Event "Ogolnopolska Olimpiada Mlodziezy w Sportach Umyslowych - D14"]
[Site "Walbrzych, Zamek Ksiaz"]
[Date "2013-04-17"]
[Round "6.6"]
[White "Karleszko, Karolina"]
[Black "Posuniak, Weronika"]
[Result "0-1"]
[WhiteTitle "I"]
[BlackTitle "I"]
[WhiteElo "1622"]
[BlackElo "1540"]

1. d4 d5 2. c4 c6 3. Nc3 Nf6 4. Nf3 e6 5. Bg5 Be7 6. e3 Nbd7 7. a3 O-O 8. b4 a6
9. Qb3 dxc4 10. Bxc4 Nb6 11. Ne5 Nfd5 12. Bxe7 Qxe7 13. Bd3 Kh8 14. e4 Nf4 15.
g3 Nxd3+ 16. Nxd3 Rd8 17. Ne2 Nd7 18. O-O Nf6 19. f3 Ne8 20. Ne5 f6 21. Nc4 Qc7
22. Rad1 Nd6 23. Nxd6 Qxd6 24. Nf4 Bd7 25. Rfe1 Qe7 26. e5 f5 27. Nd3 Be8 28.
Nb2 a5 29. Nc4 axb4 30. axb4 c5 31. dxc5 Rxd1 32. Qxd1 Bc6 33. Re3 g5 34. Qd6
Qf7 35. Na5 Bd5 36. Qb6 f4 37. Rd3 fxg3 38. hxg3 Qf5 39. Re3 Bxf3 40. Qb5 g4 41.
Qc4 Qh5 42. Qf4 Qh1+ 43. Kf2 Qg2+ 44. Ke1 Qg1+ 45. Kd2 Rd8+ 46. Kc3 Qc1+ 47. Kb3
Bd1+ 48. Ka2 Rd2# 0-1

[Event "Ogolnopolska Olimpiada Mlodziezy w Sportach Umyslowych - D14"]
[Site "Walbrzych, Zamek Ksiaz"]
[Date "2013-04-17"]
[Round "6.7"]
[White "Humin, Julia"]
[Black "Olechnicka, Karolina"]
[Result "0-1"]
[WhiteTitle "II+"]
[BlackTitle "I"]
[WhiteElo "1386"]
[BlackElo "1665"]

1. e4 c5 2. Nf3 d6 3. d4 cxd4 4. Nxd4 Nf6 5. Nc3 a6 6. Bg5 e6 7. f4 Be7 8. Qf3
Qc7 9. O-O-O Nbd7 10. g4 b5 11. Bxf6 Bxf6 12. Bg2 Rb8 13. Rhe1 b4 14. Nce2 a5
15. Kb1 a4 16. g5 Be7 17. h4 a3 18. b3 Ba6 19. c4 bxc3 20. Qxc3 Qxc3 21. Nxc3
Nc5 22. Bf1 h6 23. Ndb5 Rb6 24. Nxa3 Bxf1 25. Rxf1 Nxb3 26. Na4 Nd2+ 27. Kc1 Nxf1
28. Nxb6 Ne3 29. Rd2 hxg5 30. hxg5 d5 31. exd5 Bxa3+ 32. Rb2 Bxb2+ 33. Kxb2 Nxd5
34. Nxd5 exd5 35. Kb3 Rh4 36. Kb4 Rxf4+ 37. Kb5 d4 38. a4 d3 39. a5 d2 40. a6
d1=Q 41. a7 0-1

[Event "Ogolnopolska Olimpiada Mlodziezy w Sportach Umyslowych - D14"]
[Site "Walbrzych, Zamek Ksiaz"]
[Date "2013-04-17"]
[Round "6.8"]
[White "Cieslak, Wiktoria"]
[Black "Topolan, Agata"]
[Result "0-1"]
[WhiteTitle "I"]
[BlackTitle "II+"]
[WhiteElo "1532"]
[BlackElo "1449"]

1. e4 c6 2. d4 d5 3. Nc3 dxe4 4. Nxe4 Bf5 5. Ng3 Bg6 6. h4 h6 7. Nf3 Nd7 8. h5
Bh7 9. Bd3 Bxd3 10. Qxd3 e6 11. Bd2 Qc7 12. O-O-O Ngf6 13. Ne4 Nxe4 14. Qxe4 Nf6
15. Qe2 O-O-O 16. g3 Bd6 17. c4 Rhe8 18. c5 Be7 19. Bf4 Qa5 20. Qe5 Nd7 21. Qxg7
Qxa2 22. Ne5 Bf6 23. Qxf7 Bxe5 24. Bxe5 Rf8 25. Qg6 Rxf2 26. d5 Nxc5 27. Rd2 Nb3+
28. Kc2 Rxd2+ 29. Kc3 Qxb2+ 30. Kc4 cxd5+ 31. Kb4 a5+ 32. Ka4 Nc5+ 33. Kxa5 b6#
0-1

[Event "Ogolnopolska Olimpiada Mlodziezy w Sportach Umyslowych - D14"]
[Site "Walbrzych, Zamek Ksiaz"]
[Date "2013-04-17"]
[Round "6.9"]
[White "Pedrak, Paulina"]
[Black "Kozubal, Aleksandra"]
[Result "0-1"]
[WhiteTitle "I"]
[BlackTitle "I"]
[WhiteElo "1371"]
[BlackElo "1477"]

1. e4 c5 2. Nf3 Nc6 3. d4 cxd4 4. Nxd4 g6 5. c4 Bg7 6. Nc2 Nf6 7. Nc3 O-O 8. g3
d6 9. Bg2 Bg4 10. f3 Bd7 11. O-O Qc8 12. Ne3 Re8 13. f4 Na5 14. Qe2 Ng4 15. Nxg4
Bxg4 16. Qc2 Qxc4 17. Bd2 Qc5+ 18. Kh1 Rac8 19. Rac1 Qb6 20. h3 Be6 21. g4 Nc4
22. f5 Bd7 23. Rb1 Qc7 24. Rf3 b5 25. h4 Ne5 26. Rg3 b4 27. h5 bxc3 28. Bxc3 g5
29. Rf1 h6 30. Qd2 Bc6 31. Rc1 Qb7 32. Bxe5 Bxe5 33. Rb3 Qa6 34. Ra3 Qb6 35. Rb3
Qd4 36. Qxd4 Bxd4 37. Bf3 Bxe4 0-1

[Event "Ogolnopolska Olimpiada Mlodziezy w Sportach Umyslowych - D14"]
[Site "Walbrzych, Zamek Ksiaz"]
[Date "2013-04-17"]
[Round "6.10"]
[White "Skorupa, Oliwia"]
[Black "Mazgaj, Zuzanna"]
[Result "1-0"]
[WhiteTitle "II+"]
[BlackTitle "II"]
[WhiteElo "1510"]
[BlackElo "1371"]

1. e4 c6 2. c4 d5 3. exd5 cxd5 4. cxd5 Qxd5 5. Nc3 Qd8 6. d4 Bf5 7. Nf3 Nc6 8.
Be3 e6 9. Bb5 a6 10. Bxc6+ bxc6 11. O-O Bd6 12. Qd2 h6 13. Rfe1 Ne7 14. Rac1 Qc7
15. d5 exd5 16. Nxd5 Nxd5 17. Bb6+ Qe7 18. Rxe7+ Bxe7 19. Bc5 O-O 20. Bxe7 Nxe7
21. h3 Rfe8 22. Ne5 Rad8 23. Qa5 Rd5 24. Qc3 Be6 25. Nxc6 Nxc6 26. Qxc6 Rc8 27.
Qxc8+ Bxc8 28. Rxc8+ Kh7 29. Ra8 Rd2 30. Rxa6 Rxb2 31. a4 Ra2 32. a5 f5 33. Ra8
g5 34. a6 f4 35. a7 Ra1+ 36. Kh2 Kg7 37. g3 fxg3+ 38. Kxg3 Ra3+ 39. Kg2 h5 40.
Kf1 Ra2 41. Ke1 g4 42. hxg4 hxg4 43. Kf1 Kh7 44. Kg2 Ra3 45. Rb8 Rxa7 46. Rb4
Rg7 47. Kg3 Kh6 48. Rxg4 Rxg4+ 49. Kxg4 Kg6 50. Kf4 Kf6 51. f3 Kf7 52. Kf5 Kf8
53. Kf6 Ke8 54. f4 Kd7 55. f5 1-0